<?xml version="1.0" encoding="UTF-8"?>
<record
    xmlns:xsi="http://www.w3.org/2001/XMLSchema-instance"
    xsi:schemaLocation="http://www.loc.gov/MARC21/slim http://www.loc.gov/standards/marcxml/schema/MARC21slim.xsd"
    xmlns="http://www.loc.gov/MARC21/slim">

  <leader>00858nab a2200229uuc4500</leader>
  <controlfield tag="001">967895</controlfield>
  <controlfield tag="005">20240201202913.0</controlfield>
  <controlfield tag="008">060322e20050701                    spa  </controlfield>
  <datafield tag="035" ind1=" " ind2=" ">
    <subfield code="a">967895</subfield>
  </datafield>
  <datafield tag="035" ind1=" " ind2=" ">
    <subfield code="a">(OCoLC)820346354</subfield>
  </datafield>
  <datafield tag="040" ind1=" " ind2=" ">
    <subfield code="c">comduadb</subfield>
  </datafield>
  <datafield tag="041" ind1=" " ind2=" ">
    <subfield code="a">spa</subfield>
  </datafield>
  <datafield tag="100" ind1="1" ind2="0">
    <subfield code="a">Montanes P., Pubiano L.</subfield>
    <subfield code="4">aut</subfield>
    <subfield code="e">aut</subfield>
    <subfield code="9">536890</subfield>
  </datafield>
  <datafield tag="245" ind1="1" ind2="0">
    <subfield code="a">Fluidez verbal en pacientes con enfermedad de Alzheimer : un analisis transversal y longitudinal</subfield>
  </datafield>
  <datafield tag="650" ind1=" " ind2="7">
    <subfield code="a">Enfermedad de Alzheimer</subfield>
    <subfield code="2">dcs</subfield>
    <subfield code="9">13367</subfield>
  </datafield>
  <datafield tag="650" ind1=" " ind2=" ">
    <subfield code="a">Trastornos del lenguaje</subfield>
    <subfield code="9">69683</subfield>
  </datafield>
  <datafield tag="650" ind1=" " ind2="7">
    <subfield code="a">Trastornos cognitivos</subfield>
    <subfield code="2">lemb</subfield>
    <subfield code="9">72923</subfield>
  </datafield>
  <datafield tag="650" ind1=" " ind2=" ">
    <subfield code="a">Evaluaci&#xF3;n neuropsicol&#xF3;gica</subfield>
    <subfield code="9">70129</subfield>
  </datafield>
  <datafield tag="700" ind1="1" ind2="0">
    <subfield code="a">Cano, C.</subfield>
    <subfield code="4">aut</subfield>
    <subfield code="e">aut</subfield>
  </datafield>
  <datafield tag="773" ind1="0" ind2=" ">
    <subfield code="t">Revista de la Asociaci&#xF3;n Colombiana de Gerontolog&#xED;a y Geriatr&#xED;a (Bogot&#xE1;)</subfield>
    <subfield code="g">Vol. 19, No. 03, Jul.-Sep. 2005, 816-827</subfield>
    <subfield code="w">388825</subfield>
    <subfield code="x">0122-6916</subfield>
    <subfield code="0">110790</subfield>
  </datafield>
  <datafield tag="942" ind1=" " ind2=" ">
    <subfield code="c">ARIMP</subfield>
  </datafield>
  <datafield tag="999" ind1=" " ind2=" ">
    <subfield code="c">380579</subfield>
    <subfield code="d">380579</subfield>
  </datafield>
</record>
